| 000 | 00334nam a2200133Ia 4500 | ||
|---|---|---|---|
| 008 | 231129s1969||||xx |||||||||||||| ||spa|| | ||
| 040 | _bspa | ||
| 082 | _aE864 D542s | ||
| 100 | _aDíaz-Plaja Fernando | ||
| 245 | 0 | _aLos siete pecados capitales en U.S.A. | |
| 260 | _c1969 | ||
| 264 | _aCírculo de Lectores | ||
| 942 |
_2ddc _cBKS |
||
| 999 |
_c20065 _d20065 |
||